000 00309nam a22001337a 4500
008 170825b xxu||||| |||| 00| 0 eng d
020 _a9780312445850
041 _aeng
080 _a070
100 _a39
101 _aMED
245 _aTHE FILM EXPERIENCE AN INTRODUCTION
_cCORRIGAN.T
942 _2udc
_cBK
999 _c25090
_d25090